Aux Pays d'Homère. Orné de gravures d'après des photographies de M. Anisson du Perron

保存先:
書誌詳細
第一著者: Mandat Grancey, E. de (autor)
フォーマット: 図書
言語:フランス語
出版事項: París Plon 1904
版:1a. ed
主題:
タグ: タグ追加
タグなし, このレコードへの初めてのタグを付けませんか!

MARC

LEADER 00000nam a2200000 a 4500
001 UCJ7720
003 CL-VaPUC
008 070124e19040000FR |||||||||||||||||fre|d
082 0 4 |a 910.4  |b MAN  |2 21 
100 |a Mandat Grancey, E. de  |e autor  |9 516159 
245 1 0 |a Aux Pays d'Homère. Orné de gravures d'après des photographies de M. Anisson du Perron 
250 |a 1a. ed 
300 |a 381 p 
942 |c BK 
945 |d 20070124 00:00:00  |a rinostro 
260 |a París  |b Plon  |c 1904 
500 |a Ejemplar intonso.- Ilustraciones conforme a lo señalado en índice 
650 0 |a Viajes  |9 257115 
650 0 |a Arqueología   |9 265619 
650 0 |a Ilustraciones  |9 369481 
651 0 |a Grecia  |9 265314 
583 |a last modification  |c 20070124 00:00:00  |k Rodrigo Vera 
999 |c 323679  |d 323677 
952 |0 0  |1 0  |4 0  |6 910_400000000000000_MAN_1904  |7 0  |8 X  |9 403451  |a FDOBUD  |b FDOBUD  |d 2019-11-22  |i 1067958  |o 910.4 MAN 1904  |p 1067958  |r 2019-11-22  |w 2019-11-22  |y BK_X  |k BUD